[Event "Oberliga Nord W 1718"]
[Site "Germany"]
[Date "2018.03.18"]
[Round "8.8"]
[White "Scheffner, Jarno"]
[Black "Timar Geng, Zoltan"]
[Result "1-0"]
[WhiteElo "1807"]
[BlackElo "1902"]
[PlyCount "57"]
[EventDate "2017.10.08"]
[EventType "team-tourn"]
[EventRounds "9"]
[EventCountry "GER"]
[SourceTitle "EXT 2019"]
[Source "ChessBase"]
[SourceDate "2018.10.10"]
[SourceVersion "1"]
[SourceVersionDate "2018.10.10"]
[SourceQuality "1"]
[WhiteTeam "Nordhorn Blanke"]
[BlackTeam "Lingen"]
[WhiteTeamCountry "GER"]
[BlackTeamCountry "GER"]

1. e4 e5 2. Nf3 Nc6 3. Bb5 Nge7 4. c3 a6 5. Ba4 g6 6. d4 exd4 7. cxd4 Bg7 8. d5 Na5 9. Nc3 b5 10. Bc2 d6 11. 0-0 0-0 12. Qe1 Bd7 13. Ne2 c5 14. dxc6 Naxc6 15. Bf4 Bg4 16. Rd1 Bxf3 17. Rxd6 Qc8 18. gxf3 Ne5 19. Qd1 Nxf3+ 20. Kg2 Qg4+ 21. Bg3 Be5 22. Rd3 Nh4+ 23. Kh1 Qh5 24. Nf4 Qxd1 25. Rfxd1 g5 26. Nd5 Nxd5 27. Rxd5 f6 28. Bb3 Kh8 29. Rxe5 1-0

[Event "Korbach op 9th"]
[Site "Korbach"]
[Date "2017.10.21"]
[Round "4"]
[White "Timar Geng, Zoltan"]
[Black "Lesny, Florian"]
[Result "1-0"]
[WhiteElo "1859"]
[BlackElo "1997"]
[PlyCount "65"]
[EventDate "2017.10.19"]
[EventType "swiss"]
[EventRounds "7"]
[EventCountry "GER"]
[SourceTitle "CBM 181 Extra"]
[Source "ChessBase"]
[SourceDate "2017.12.12"]
[SourceVersion "1"]
[SourceVersionDate "2017.12.12"]
[SourceQuality "1"]

1. d4 d5 2. Bf4 Nf6 3. e3 e6 4. Nd2 c5 5. c3 Nc6 6. Bd3 Bd6 7. Bg3 b6 8. Ngf3 0-0 9. Ne5 Bb7 10. f4 Ne7 11. 0-0 Nf5 12. Bf2 Be7 13. g4 Nd6 14. g5 Nfe4 15. Nxe4 Nxe4 16. Qh5 Rc8 17. Be1 c4 18. Bc2 Bd6 19. Rf3 Bxe5 20. dxe5 f6 21. Rh3 fxg5 22. Qxh7+ Kf7 23. Qh5+ Kg8 24. Bxe4 dxe4 25. fxg5 Qd3 26. Qh7+ Kf7 27. Bh4 Ke8 28. Qh5+ Ke7 29. g6+ Ke8 30. Qg5 Rc7 31. Qg4 Rf3 32. Qxe6+ Kf8 33. Be7+ 1-0

[Event "Hofheim Spring op-B 5th"]
[Site "Hofheim"]
[Date "2017.04.09"]
[Round "4"]
[White "Timar Geng, Zoltan"]
[Black "Henkel, Volker"]
[Result "1-0"]
[WhiteElo "1853"]
[BlackElo "1884"]
[PlyCount "107"]
[EventDate "2017.04.07"]
[EventType "swiss"]
[EventRounds "9"]
[EventCountry "GER"]
[SourceTitle "CBM 178 Extra"]
[Source "ChessBase"]
[SourceDate "2017.06.22"]
[SourceVersion "1"]
[SourceVersionDate "2017.06.22"]
[SourceQuality "1"]

1. d4 d5 2. Bf4 Nf6 3. e3 c5 4. c3 Qb6 5. Qb3 c4 6. Qc2 Nc6 7. Nd2 Bg4 8. e4 e6 9. Be2 Bxe2 10. Nxe2 Be7 11. 0-0 0-0 12. exd5 exd5 13. Rfe1 Qd8 14. h3 h6 15. Rad1 Bd6 16. Nf3 Bxf4 17. Nxf4 Qd6 18. Ne5 Rae8 19. Nxc6 bxc6 20. Qc1 g5 21. Ne2 Ne4 22. f3 Ng3 23. Nxg3 Qxg3 24. Qd2 Qb8 25. h4 f6 26. hxg5 hxg5 27. Qc2 Kg7 28. Kf2 f5 29. Rxe8 Qxe8 30. Re1 Qd7 31. Re5 Kf6 32. Qe2 Rf7 33. b3 cxb3 34. axb3 Re7 35. f4 g4 36. Rxe7 Qxe7 37. Qxe7+ Kxe7 38. Kg3 Kf6 39. Kh4 Kg6 40. b4 Kh6 41. Kg3 Kg6 42. Kf2 Kf6 43. Ke3 Ke6 44. Kd3 Kd6 45. Kc2 Kc7 46. Kb3 Kb6 47. Ka4 g3 48. Ka3 Kb5 49. Kb3 a6 50. c4+ Kb6 51. cxd5 cxd5 52. Ka4 Kc6 53. Ka5 Kb7 54. b5 1-0

[Event "Solingen Karneval op"]
[Site "Solingen"]
[Date "2017.02.25"]
[Round "3"]
[White "Falkenberg, Hendrik"]
[Black "Timar Geng, Zoltan"]
[Result "0-1"]
[WhiteElo "1843"]
[BlackElo "1850"]
[PlyCount "54"]
[EventDate "2017.02.24"]
[EventType "swiss"]
[EventRounds "5"]
[EventCountry "GER"]
[SourceTitle "EXT 2018"]
[Source "ChessBase"]
[SourceDate "2017.10.13"]
[SourceVersion "1"]
[SourceVersionDate "2017.10.13"]
[SourceQuality "1"]

1. d4 d5 2. c4 c6 3. Nf3 Nf6 4. Nc3 a6 5. e3 b5 6. c5 g6 7. Qb3 Nbd7 8. Bd3 Bg7 9. h3 0-0 10. 0-0 a5 11. Bd2 b4 12. Na4 Ba6 13. Rac1 Bxd3 14. Qxd3 Ne4 15. Rfd1 e5 16. Be1 f5 17. Qb3 Rb8 18. dxe5 Nxe5 19. Nd4 Qe8 20. Nb6 Kh8 21. Qa4 f4 22. exf4 Rxf4 23. g3 Nxc5 24. Rxc5 Rxd4 25. Rcc1 Rxb6 26. Qxa5 Rxd1 27. Rxd1 Rb5 0-1

[Event "Solingen Karneval op"]
[Site "Solingen"]
[Date "2017.02.24"]
[Round "1"]
[White "Eich, Philipp"]
[Black "Timar Geng, Zoltan"]
[Result "0-1"]
[WhiteElo "1307"]
[BlackElo "1850"]
[PlyCount "68"]
[EventDate "2017.02.24"]
[EventType "swiss"]
[EventRounds "5"]
[EventCountry "GER"]
[SourceTitle "EXT 2018"]
[Source "ChessBase"]
[SourceDate "2017.10.13"]
[SourceVersion "1"]
[SourceVersionDate "2017.10.13"]
[SourceQuality "1"]

1. d4 d5 2. c4 c6 3. cxd5 cxd5 4. Bf4 Nf6 5. e3 Nc6 6. Nc3 g6 7. Qb3 a6 8. Bd3 Bg7 9. Nge2 0-0 10. h3 b5 11. 0-0 Bb7 12. Bg5 Na5 13. Qb4 Rc8 14. a4 Nc6 15. Qb3 b4 16. Bxf6 exf6 17. Na2 Qd6 18. Nf4 Rfd8 19. Be2 a5 20. Bb5 Nxd4 21. Qd3 Nxb5 22. axb5 f5 23. Qd2 Rc5 24. Nc1 Rdc8 25. Rxa5 Rc2 26. Qd1 Rxc1 27. Qxc1 Rxc1 28. Rxc1 Bxb2 29. Rd1 Bc3 30. Nxd5 Bxd5 31. b6 Qxb6 32. Raxd5 Qa6 33. Rb1 Qa2 34. Rdd1 b3 0-1

[Event "Eger Agria op 40th"]
[Site "Eger"]
[Date "2016.07.22"]
[Round "7"]
[White "Orosz, Andras1111"]
[Black "Timar Geng, Zoltan"]
[Result "1-0"]
[WhiteElo "2386"]
[BlackElo "1955"]
[PlyCount "79"]
[EventDate "2016.07.18"]
[EventType "swiss"]
[EventRounds "8"]
[EventCountry "HUN"]
[SourceTitle "EXT 2020"]
[Source "ChessBase"]
[SourceDate "2019.10.17"]
[SourceVersion "1"]
[SourceVersionDate "2019.10.17"]
[SourceQuality "1"]

1. d4 d5 2. c4 c6 3. cxd5 cxd5 4. Bf4 Nf6 5. e3 Qa5+ 6. Nc3 Bf5 7. Qb3 Qb6 8. Qxb6 axb6 9. Bc7 Na6 10. Bxb6 Nb4 11. Kd2 e6 12. Bb5+ Nc6 13. Bc7 Bb4 14. f3 0-0 15. Nge2 Rfc8 16. Bg3 Na5 17. Rhc1 Ne8 18. Bd3 Nc4+ 19. Bxc4 Rxc4 20. a3 Be7 21. Nb5 Rac8 22. Rxc4 Rxc4 23. Rc1 Rc6 24. b4 Rxc1 25. Nxc1 h5 26. Nd3 h4 27. Bb8 Bxd3 28. Kxd3 Nf6 29. Bd6 Bd8 30. a4 Ne8 31. a5 g5 32. Bc5 f5 33. h3 Kg7 34. Na7 Kg6 35. Nc8 Kh5 36. Bb6 Bxb6 37. Nxb6 Nd6 38. Nd7 Kg6 39. Nc5 Kf7 40. Nxb7 1-0

[Event "Daehne Cup Niedersachsen"]
[Site "Lehrte"]
[Date "2015.09.12"]
[Round "1"]
[White "Timar Geng, Zoltan"]
[Black "Kleinschroth, Roland"]
[Result "0-1"]
[WhiteElo "1917"]
[BlackElo "2091"]
[PlyCount "84"]
[EventDate "2015.09.12"]
[EventType "k.o."]
[EventRounds "3"]
[EventCountry "GER"]
[SourceTitle "EXT 2021"]
[Source "ChessBase"]
[SourceDate "2020.10.23"]
[SourceVersion "1"]
[SourceVersionDate "2020.10.23"]
[SourceQuality "1"]

1. d4 Nf6 2. c4 c5 3. d5 b5 4. cxb5 a6 5. b6 e6 6. Nc3 exd5 7. Nxd5 Nxd5 8. Qxd5 Nc6 9. Nf3 Bb7 10. g3 Be7 11. Bh3 0-0 12. 0-0 Qxb6 13. Be3 Nd4 14. Qc4 d5 15. Qd3 Nxf3+ 16. exf3 Bc6 17. Rfc1 d4 18. Bf4 Rad8 19. Bf5 g6 20. Be4 Bb5 21. Qb3 Qe6 22. Qxe6 fxe6 23. a4 Be2 24. Re1 d3 25. Bd2 Rb8 26. Rab1 c4 27. Kg2 Bb4 28. Bc3 Bxc3 29. bxc3 Rb3 30. Rxe2 Rxb1 31. Rd2 Rfb8 32. Bxd3 cxd3 33. Rxd3 R1b6 34. a5 Rc6 35. Rd7 Rbc8 36. Re7 R8c7 37. Re8+ Kf7 38. Rh8 Kg7 39. Re8 Kf6 40. Rf8+ Ke5 41. f4+ Kd5 42. Rd8+ Kc4 0-1

[Event "Solingen Karneval op"]
[Site "Solingen"]
[Date "2015.02.14"]
[Round "2"]
[White "Timar Geng, Zoltan"]
[Black "Heinert, Eugen"]
[Result "0-1"]
[WhiteElo "1939"]
[BlackElo "2154"]
[PlyCount "64"]
[EventDate "2015.02.13"]
[EventType "swiss"]
[EventRounds "5"]
[EventCountry "GER"]
[SourceTitle "EXT 2016"]
[Source "ChessBase"]
[SourceDate "2015.10.08"]
[SourceVersion "1"]
[SourceVersionDate "2015.10.08"]
[SourceQuality "1"]

1. d4 d5 2. c4 dxc4 3. Nf3 a6 4. a4 Nf6 5. e3 Bg4 6. Bxc4 e6 7. 0-0 Nc6 8. a5 Bd6 9. h3 Bh5 10. Bd2 0-0 11. Bc3 Qe7 12. Nbd2 Nd5 13. Bd3 Ncb4 14. Bb1 c5 15. Ne4 Nxc3 16. bxc3 Nc6 17. Nxd6 Qxd6 18. g4 Bg6 19. Bxg6 hxg6 20. Ng5 cxd4 21. cxd4 Qd5 22. f4 f6 23. Nf3 Nxa5 24. Qe1 Nc4 25. e4 Qd6 26. e5 Qd5 27. Qb1 fxe5 28. dxe5 Rxf4 29. Qxg6 Rxf3 30. Rxf3 Qxf3 31. Qxe6+ Qf7 32. Qxf7+ Kxf7 0-1

[Event "Lisbon Christmas op"]
[Site "Lisbon"]
[Date "2014.12.30"]
[Round "8"]
[White "Silva, Luis Neves Da"]
[Black "Timar Geng, Zoltan"]
[Result "1-0"]
[WhiteElo "2306"]
[BlackElo "1888"]
[PlyCount "79"]
[EventDate "2014.12.26"]
[EventType "swiss"]
[EventRounds "9"]
[EventCountry "POR"]
[SourceTitle "CBM 164 Extra"]
[Source "ChessBase"]
[SourceDate "2015.03.02"]
[SourceVersion "1"]
[SourceVersionDate "2015.03.02"]
[SourceQuality "1"]

1. e4 e5 2. Nf3 Nc6 3. Bb5 a6 4. Ba4 Nge7 5. c3 g6 6. d4 exd4 7. cxd4 Bg7 8. 0-0 b5 9. Bc2 d6 10. d5 Na5 11. Bd2 Bxb2 12. Bxa5 Bxa1 13. Nc3 Bb2 14. Qd2 Bd7 15. e5 Bxc3 16. Bxc3 0-0 17. e6 fxe6 18. Qh6 Rf7 19. dxe6 Bxe6 20. Ng5 Qf8 21. Qxf8+ Raxf8 22. Nxe6 Rc8 23. Ng5 Rf4 24. Bb3+ d5 25. Re1 h6 26. Rxe7 hxg5 27. Bxd5+ Kf8 28. Rh7 Rd8 29. g3 Rf5 30. Bb4+ Rd6 31. Rxc7 Rfxd5 32. Rd7 Ke8 33. Rxd6 Rxd6 34. Bxd6 g4 35. Kf1 Kd7 36. Bb4 Ke6 37. Ke2 Kd5 38. Kd3 Ke5 39. a3 Kd5 40. Bc3 1-0

[Event "Lisbon Christmas op"]
[Site "Lisbon"]
[Date "2014.12.28"]
[Round "5"]
[White "Rodriguez Garcia, Manuel Francisco"]
[Black "Timar Geng, Zoltan"]
[Result "1/2-1/2"]
[WhiteElo "2174"]
[BlackElo "1888"]
[PlyCount "68"]
[EventDate "2014.12.26"]
[EventType "swiss"]
[EventRounds "9"]
[EventCountry "POR"]
[SourceTitle "EXT 2018"]
[Source "ChessBase"]
[SourceDate "2017.10.13"]
[SourceVersion "1"]
[SourceVersionDate "2017.10.13"]
[SourceQuality "1"]

1. e4 e5 2. Nf3 Nc6 3. d4 exd4 4. Nxd4 Nf6 5. Nxc6 bxc6 6. e5 Qe7 7. Qe2 Nd5 8. c4 Ba6 9. Nd2 g6 10. Qe4 f5 11. exf6 Nxf6 12. Qxe7+ Bxe7 13. Bd3 d5 14. b3 0-0 15. 0-0 Rae8 16. Nf3 Bc5 17. Bf4 Ne4 18. Bxc7 Rf7 19. Bg3 Nxg3 20. hxg3 dxc4 21. bxc4 Rd7 22. Rfd1 Red8 23. Ne5 Rd6 24. Be2 Re8 25. Rxd6 Bxd6 26. f4 Bxe5 27. fxe5 Rxe5 28. Kf2 c5 29. Rd1 Kf7 30. Rd6 Re6 31. Rd7+ Re7 32. Rd6 Re6 33. Rd7+ Re7 34. Rd6 Re6 1/2-1/2

[Event "Lisbon Christmas op"]
[Site "Lisbon"]
[Date "2014.12.26"]
[Round "1"]
[White "Timar Geng, Zoltan"]
[Black "Burgisser, Claude"]
[Result "1-0"]
[WhiteElo "1888"]
[BlackElo "1722"]
[PlyCount "97"]
[EventDate "2014.12.26"]
[EventType "swiss"]
[EventRounds "9"]
[EventCountry "POR"]
[SourceTitle "EXT 2018"]
[Source "ChessBase"]
[SourceDate "2017.10.13"]
[SourceVersion "1"]
[SourceVersionDate "2017.10.13"]
[SourceQuality "1"]

1. d4 e6 2. c4 Nf6 3. Nc3 Bb4 4. f3 d5 5. a3 Bxc3+ 6. bxc3 c6 7. Qc2 Nbd7 8. e4 Nh5 9. Nh3 h6 10. g4 Nhf6 11. e5 Nh7 12. f4 dxc4 13. Bxc4 Nb6 14. Bd3 Qh4+ 15. Nf2 Nf8 16. Rb1 Nd5 17. c4 Ne7 18. 0-0 Neg6 19. Qd1 h5 20. g5 Nxf4 21. Bxf4 Qxf4 22. Ne4 Qe3+ 23. Kh1 f6 24. exf6 g6 25. Nd6+ Kd7 26. Nf7 Rg8 27. Ne5+ Kc7 28. f7 Rg7 29. Nxg6 Rxg6 30. Bxg6 Nxg6 31. f8Q Nxf8 32. Rxf8 Qe4+ 33. Kg1 Qe3+ 34. Kh1 Qe4+ 35. Rf3 Bd7 36. Kg1 h4 37. Rfb3 b6 38. c5 b5 39. R1b2 Rg8 40. Rg2 Qd5 41. g6 e5 42. Rg5 h3 43. Rbg3 Qxd4+ 44. Qxd4 exd4 45. Rd3 Be6 46. Rxd4 Rg7 47. Rd6 Bd5 48. Rh5 Bf7 49. Rh7 1-0

[Event "Blankenburg op-A 19th"]
[Site "Blankenburg"]
[Date "2014.10.04"]
[Round "6"]
[White "Timar Geng, Zoltan"]
[Black "Hamann, Marcus"]
[Result "1/2-1/2"]
[WhiteElo "1864"]
[BlackElo "1786"]
[PlyCount "86"]
[EventDate "2014.10.02"]
[EventType "swiss"]
[EventRounds "7"]
[EventCountry "GER"]
[SourceTitle "EXT 2023"]
[Source "ChessBase"]
[SourceDate "2022.10.05"]
[SourceVersion "1"]
[SourceVersionDate "2022.10.05"]
[SourceQuality "1"]

1. d4 d5 2. c4 c6 3. Nf3 Nf6 4. Nc3 e6 5. Qc2 Bb4 6. e3 Ne4 7. Nd2 f5 8. c5 0-0 9. a3 Ba5 10. Be2 Bc7 11. g3 e5 12. f4 exf4 13. exf4 Qf6 14. Nf3 Be6 15. Be3 Nd7 16. Ne5 Qe7 17. Bd3 Ndf6 18. Be2 Nd7 19. b4 Rad8 20. a4 a6 21. a5 Nxc3 22. Qxc3 Nf6 23. 0-0-0 Ne4 24. Qb2 Bxe5 25. fxe5 Rf7 26. Rdg1 Rdf8 27. Bh5 g6 28. Bd1 Kg7 29. Kb1 Kh8 30. Bh6 Rg8 31. h4 Qe8 32. Bf3 Qd7 33. Qc1 Nf2 34. Rh2 Ng4 35. Bxg4 fxg4 36. Bg5 h5 37. Bf6+ Kh7 38. Rf2 Bf5+ 39. Kb2 Qe6 40. Qf4 Re8 41. Rgf1 Bd3 42. Rd1 Be4 43. Qd2 Bf3 1/2-1/2

[Event "Blankenburg op-A 19th"]
[Site "Blankenburg"]
[Date "2014.10.02"]
[Round "1"]
[White "Meyer, Stefan"]
[Black "Timar Geng, Zoltan"]
[Result "1-0"]
[WhiteElo "2093"]
[BlackElo "1864"]
[PlyCount "103"]
[EventDate "2014.10.02"]
[EventType "swiss"]
[EventRounds "7"]
[EventCountry "GER"]
[SourceTitle "EXT 2023"]
[Source "ChessBase"]
[SourceDate "2022.10.05"]
[SourceVersion "1"]
[SourceVersionDate "2022.10.05"]
[SourceQuality "1"]

1. Nf3 d5 2. g3 Nf6 3. Bg2 c6 4. 0-0 Nbd7 5. d3 e5 6. Nbd2 Bc5 7. e4 0-0 8. Qe2 Re8 9. a4 a5 10. h3 Qc7 11. Nh4 Nf8 12. Nb3 Bb6 13. Bg5 N8d7 14. Nf5 g6 15. Ne3 dxe4 16. dxe4 Kg7 17. Nc4 Ba7 18. Rfd1 Nh5 19. Qf3 Re6 20. h4 h6 21. Be3 Rf6 22. Qe2 b5 23. Ncd2 b4 24. Nf1 Bb6 25. Bxb6 Qxb6 26. Qe3 Qc7 27. Nc5 Nxc5 28. Qxc5 Ba6 29. Rd2 Re6 30. Rad1 Re7 31. Bh3 Nf6 32. f3 Qa7 33. Qxa7 Raxa7 34. Ne3 Rac7 35. Bf1 Bxf1 36. Kxf1 Red7 37. Nc4 Rxd2 38. Rxd2 Nh5 39. g4 Nf4 40. Nxe5 Ne6 41. Nc4 c5 42. Kf2 Nd4 43. c3 Nb3 44. Rd6 bxc3 45. bxc3 Rb7 46. Rb6 Rxb6 47. Nxb6 g5 48. h5 Kf6 49. Ke3 Ke6 50. Nc4 f6 51. Kd3 Kd7 52. Kc2 1-0

[Event "Wiesbaden op 26th"]
[Site "Wiesbaden"]
[Date "2014.08.29"]
[Round "3"]
[White "Faerber, David"]
[Black "Timar Geng, Zoltan"]
[Result "1/2-1/2"]
[WhiteElo "1691"]
[BlackElo "1841"]
[PlyCount "121"]
[EventDate "2014.08.28"]
[EventType "swiss"]
[EventRounds "7"]
[EventCountry "GER"]
[SourceTitle "CBM 162 Extra"]
[Source "ChessBase"]
[SourceDate "2014.10.17"]
[SourceVersion "1"]
[SourceVersionDate "2014.10.17"]
[SourceQuality "1"]

1. e4 e5 2. Nf3 Nc6 3. Bc4 Bc5 4. Nc3 Nf6 5. d3 h6 6. Be3 Bxe3 7. fxe3 d6 8. 0-0 Na5 9. Bb3 Nxb3 10. axb3 Be6 11. Ne2 c6 12. Ng3 Qd7 13. Qd2 Qc7 14. Nh4 0-0 15. Nhf5 Kh7 16. Qe2 Ng8 17. Nh4 g6 18. Rf2 a6 19. Raf1 Qe7 20. Nf3 Rad8 21. Rd1 Bg4 22. h3 Be6 23. Rff1 Qc7 24. d4 f6 25. Kh1 Ne7 26. Qf2 Kg7 27. Ne2 f5 28. exf5 Bxf5 29. Rc1 e4 30. Nd2 Bxh3 31. Qh4 Bf5 32. g4 g5 33. Qh3 Bg6 34. Qg3 Qd7 35. c4 Rxf1+ 36. Rxf1 Rf8 37. Rxf8 Kxf8 38. Nc3 Qe6 39. Qg2 d5 40. Qh2 Qxg4 41. Qxh6+ Kf7 42. Qh2 Qh4 43. Qxh4 gxh4 44. Kg2 Bf5 45. b4 Kg6 46. b5 axb5 47. cxb5 Bg4 48. b4 Nf5 49. bxc6 bxc6 50. Nf1 Nd6 51. Nd2 Kf6 52. Nb3 Nc4 53. Kf2 h3 54. b5 Nxe3 55. Kg1 cxb5 56. Nxb5 Nc2 57. Nc3 Ke6 58. Nc5+ Kd6 59. N3xe4+ dxe4 60. Nxe4+ Kd5 61. Nf6+ 1/2-1/2

[Event "Wiesbaden op 26th"]
[Site "Wiesbaden"]
[Date "2014.08.28"]
[Round "1"]
[White "Rafiee, Makan"]
[Black "Timar Geng, Zoltan"]
[Result "1/2-1/2"]
[WhiteElo "2258"]
[BlackElo "1841"]
[PlyCount "126"]
[EventDate "2014.08.28"]
[EventType "swiss"]
[EventRounds "7"]
[EventCountry "GER"]
[SourceTitle "CBM 162 Extra"]
[Source "ChessBase"]
[SourceDate "2014.10.17"]
[SourceVersion "1"]
[SourceVersionDate "2014.10.17"]
[SourceQuality "1"]

1. e4 e5 2. Nf3 Nc6 3. Bb5 Nge7 4. c3 g6 5. d4 exd4 6. cxd4 Bg7 7. d5 Ne5 8. Nxe5 Bxe5 9. Nc3 0-0 10. Bh6 Re8 11. 0-0 a6 12. Bd3 d6 13. f4 Bd4+ 14. Kh1 f5 15. exf5 Bxf5 16. Bxa6 Bxc3 17. bxc3 Be4 18. Bxb7 Nf5 19. Bg5 Qb8 20. Qb3 Ne3 21. Bxa8 Bxg2+ 22. Kg1 Qxa8 23. Rf2 Bxd5 24. Qb5 Qc8 25. f5 c6 26. Qd3 Nxf5 27. Re2 Qa8 28. Rxe8+ Qxe8 29. a4 Qb8 30. Qe2 h6 31. Bf4 Qa7+ 32. Qf2 Qa5 33. Bd2 Qa6 34. h3 Qd3 35. Kh2 Nh4 36. Qe3 Qxd2+ 37. Qxd2 Nf3+ 38. Kg3 Nxd2 39. a5 Ne4+ 40. Kf4 Nxc3 41. a6 c5 42. a7 Ba8 43. Ra6 Nd5+ 44. Kg3 Nc3 45. Rb6 Kf7 46. Rb8 Bd5 47. a8Q Bxa8 48. Rxa8 Ke6 49. Kf3 Kd5 50. Rh8 Ne4 51. Rxh6 g5 52. Ke3 Ke5 53. h4 d5 54. h5 Nf6 55. Rh8 Kf5 56. Rc8 Nxh5 57. Rxc5 Nf6 58. Rc1 Ke5 59. Rg1 Ne4 60. Kf3 Kf5 61. Rd1 Ke5 62. Rg1 Kf5 63. Rd1 Ke5 1/2-1/2

[Event "Berlin Spring op-A"]
[Site "Berlin"]
[Date "2014.05.02"]
[Round "4"]
[White "Timar Geng, Zoltan"]
[Black "Klaus, Johannes"]
[Result "1/2-1/2"]
[WhiteElo "1835"]
[BlackElo "1947"]
[PlyCount "44"]
[EventDate "2014.05.01"]
[EventType "swiss"]
[EventRounds "7"]
[EventCountry "GER"]
[SourceTitle "CBM 160 Extra"]
[Source "ChessBase"]
[SourceDate "2014.07.01"]
[SourceVersion "1"]
[SourceVersionDate "2014.07.01"]
[SourceQuality "1"]

1. d4 c6 2. c4 d5 3. Nf3 Nf6 4. Nc3 g6 5. e3 Bg7 6. Be2 0-0 7. 0-0 dxc4 8. Bxc4 Nbd7 9. e4 c5 10. e5 Ng4 11. Bxf7+ Rxf7 12. e6 Rxf3 13. gxf3 Nf8 14. fxg4 cxd4 15. Ne4 Bxe6 16. Ng5 Bd5 17. Re1 h6 18. Ne4 e6 19. Qd3 Nd7 20. Bf4 Qf8 21. Bg3 g5 22. Rac1 Rc8 1/2-1/2

[Event "Rheinland Pfalz op 3rd"]
[Site "Gau Algesheim"]
[Date "2011.08.01"]
[Round "5"]
[White "Timar Geng, Zoltan"]
[Black "Wagner, Stefan1111"]
[Result "0-1"]
[WhiteElo "1749"]
[BlackElo "1934"]
[PlyCount "112"]
[EventDate "2011.07.28"]
[EventType "swiss"]
[EventRounds "7"]
[EventCountry "GER"]
[SourceTitle "EXT 2013"]
[Source "ChessBase"]
[SourceDate "2012.11.22"]
[SourceVersion "1"]
[SourceVersionDate "2012.11.22"]
[SourceQuality "1"]

1. d4 d5 2. c4 c6 3. Nf3 Nf6 4. Nc3 e6 5. e3 Nbd7 6. Qc2 Bd6 7. Be2 0-0 8. cxd5 exd5 9. 0-0 Re8 10. h3 Ne4 11. Nxe4 dxe4 12. Nd2 f5 13. f4 Nf6 14. Nc4 Be6 15. Ne5 Kh8 16. Bd2 Qe7 17. Be1 Nd5 18. Bf2 g5 19. g3 gxf4 20. gxf4 Rg8+ 21. Kh2 Nb4 22. Qc3 Bxe5 23. dxe5 Nxa2 24. Qe1 h6 25. Bh4 Qc5 26. Bf6+ Kh7 27. Qf2 Nb4 28. Rac1 Qf8 29. Rg1 Nd5 30. Rxg8 Bxg8 31. Bh4 Be6 32. Bc4 Qf7 33. Bxd5 Bxd5 34. Bf6 Rg8 35. Qh4 Rg6 36. Rg1 Rxg1 37. Kxg1 a5 38. Bd8 a4 39. Qe7 Kg8 40. Qxf7+ Kxf7 41. Bb6 Bc4 42. Kf2 Ke6 43. Ke1 Kd5 44. Kd2 c5 45. Kc3 Bb3 46. Kd2 Kc6 47. Bd8 b5 48. Kc1 b4 49. Kb1 Kb5 50. Bh4 Be6 51. Be1 Kc4 52. Kc2 a3 53. bxa3 bxa3 54. Bh4 a2 55. Kb2 Kd3 56. Be7 Kxe3 0-1

[Event "Rheinland Pfalz op 3rd"]
[Site "Gau Algesheim"]
[Date "2011.07.28"]
[Round "1"]
[White "Timar Geng, Zoltan"]
[Black "Naundorf, Maik"]
[Result "1/2-1/2"]
[WhiteElo "1749"]
[BlackElo "2145"]
[PlyCount "141"]
[EventDate "2011.07.28"]
[EventType "swiss"]
[EventRounds "7"]
[EventCountry "GER"]
[SourceTitle "EXT 2013"]
[Source "ChessBase"]
[SourceDate "2012.11.22"]
[SourceVersion "1"]
[SourceVersionDate "2012.11.22"]
[SourceQuality "1"]

1. d4 Nf6 2. c4 g6 3. Nc3 d5 4. cxd5 Nxd5 5. e4 Nxc3 6. bxc3 Bg7 7. Bc4 c5 8. Ne2 Nc6 9. Be3 0-0 10. 0-0 e6 11. Qd2 Qa5 12. Bh6 cxd4 13. Bxg7 Kxg7 14. Nxd4 Qc5 15. Nxc6 Qxc4 16. Qd4+ Qxd4 17. Nxd4 e5 18. Nb5 Bd7 19. Nc7 Rac8 20. Nd5 Be6 21. Rac1 Rc4 22. Rfe1 Rd8 23. Rcd1 Rd7 24. Re3 Rd6 25. Kf1 Ra6 26. Rd2 Ra3 27. Ke1 Ra5 28. f3 Rcc5 29. Red3 Rcb5 30. Nb4 Ra3 31. c4 Rxd3 32. cxb5 Re3+ 33. Kd1 Ra3 34. Kc1 Ra5 35. b6 axb6 36. Nd5 Bxd5 37. exd5 Kf8 38. d6 Ke8 39. d7+ Kd8 40. Kb2 Rc5 41. Kb3 f5 42. Rd6 Rc6 43. Rd5 Re6 44. Kc3 e4 45. fxe4 fxe4 46. Kd2 Re7 47. Ke3 Re6 48. h3 Re7 49. g3 Re6 50. g4 Re7 51. h4 Re6 52. a4 Re7 53. g5 Re6 54. Rd4 Re7 55. Rd6 Rxd7 56. Rxb6 Re7 57. Rb4 Kc7 58. a5 Kc6 59. Rb6+ Kc5 60. Rb2 Kd5 61. Rb5+ Kc4 62. Rb6 Kc5 63. Rb2 Kc6 64. Rb6+ Kc7 65. Rb4 Kd6 66. Rb6+ Ke5 67. Rb5+ Kd6 68. Rb6+ Ke5 69. Rb5+ Kd6 70. Rb6+ Ke5 71. Rb5+ 1/2-1/2